Văn hoá dân gian Mường
Giới thiệu thiên nhiên - đát nước con người và những huyền thoại - vũ trụ quan thế giới quan truyền thống dân tộc, văn hóa vật chất, phong tục, lễ hội, nghệ thuật dân gian Mường
Đã lưu trong:
| Định dạng: | Sách |
|---|---|
| Năm xuất bản: |
H.
Văn hoá dân tộc
2010
|
| Chủ đề: | |
| Tags: |
Thêm thẻ
Không có thẻ, Hãy là người đầu tiên gắn thẻ bản ghi này!
|
| LEADER | 00791nam a2200157 4500 | ||
|---|---|---|---|
| 082 | |a 398.09507 |b V114h. | ||
| 100 | |a | ||
| 245 | |a Văn hoá dân gian Mường |c Bùi Thiện sưu tầm, biên dịch, giới thiệu | ||
| 260 | |a H. |b Văn hoá dân tộc |c 2010 | ||
| 300 | |a 701 tr. |c 21 cm | ||
| 520 | |a Giới thiệu thiên nhiên - đát nước con người và những huyền thoại - vũ trụ quan thế giới quan truyền thống dân tộc, văn hóa vật chất, phong tục, lễ hội, nghệ thuật dân gian Mường | ||
| 653 | |a Văn hoá dân gian Việt Nam | ||
| 653 | |a Dân tộc Mường | ||
| 942 | |2 ddc |c SH | ||
| 999 | |c 8072 |d 8072 | ||
| 952 | |0 0 |1 0 |2 ddc |4 0 |6 398_095070000000000_V114H |7 0 |8 300 |9 69161 |a qbu |b qbu |c D2 |d 2015-03-31 |o 398.09507 V114h. |p 7968.c1 |r 0000-00-00 |w 2015-03-31 |y SH | ||